Dictionnaire Anglais Du Génie de L'environnement : (Record no. 599845)

MARC details
000 -LEADER
fixed length control field 00490nam a2200193 a 4500
008 - FIXED-LENGTH DATA ELEMENTS--GENERAL INFORMATION
fixed length control field 251203s1997##################000#0#eng##
020 ## - INTERNATIONAL STANDARD BOOK NUMBER
ISBN 9780415139182
082 04 - DEWEY DECIMAL CLASSIFICATION NUMBER
Classification number 628.503
Item number ROU
100 1# - MAIN ENTRY--AUTHOR NAME
Personal name Routledge,
245 10 - TITLE STATEMENT
Title Dictionnaire Anglais Du Génie de L'environnement :
260 ## - PUBLICATION, DISTRIBUTION, ETC. (IMPRINT)
Name of publisher Psychology Press,
Year of publication 1997.
300 ## - PHYSICAL DESCRIPTION
Number of Pages 292 pages
650 #0 - SUBJECT ADDED ENTRY--TOPICAL TERM
Topical Term History.
942 ## - ADDED ENTRY ELEMENTS (KOHA)
Koha item type English Books
Holdings
Withdrawn status Lost status Damaged status Not for loan Home library Current library Shelving location Date acquired Full call number Accession Number Price effective from Koha item type
        Anna Centenary Library Anna Centenary Library 6TH FLOOR, A WING 03.12.2025 628.503 ROU 257702 03.12.2025 English Books

Find us on the map